Name one city that... #7 - Statistics

General Stats
  • This quiz has been taken 85 times
  • The average score is 14 of 20
Answer Stats
Name one city that... City % Correct
Has a name starting with Saint (in any language) and more than 4 million people on its urban area Saint Petersburg | San Francisco | Santiago | Santo Domingo | São Paulo
96%
Contains or cointained one of the '7 Wonders of the Ancient World' (Only modern-day city names are accepted) Alexandria | Bodrum | Giza | Hillah | Olympia | Rhodes | Selçuk
91%
Is the largest city in each 'language area' of Switzerland (The areas were German, French, Italian or Romansh are the majority language) Chur | Geneva | Lugano | Zürich
91%
Starts with 'J' and is a country capital city Jakarta | Jerusalem | Juba
91%
Is the capital of a US State or Territory that borders the Pacific Ocean Hagåtña | Honolulu | Juneau | Olympia | Pago Pago | Sacramento | Saipan | Salem
87%
Is in Asia and was a country's capital city in the year 1800, but not today (cities renamed don't count) Champasak | Diryah | Huế | Jolo | Kandy | Kantipur | Kyoto | Lahore | Marawi | Oudong | Pune | Shuri
83%
Is the capital of one of the Constituent Countries of the Kingdom of the Netherlands Amsterdam | Oranjestad | Phillipsburg | Willemstad
81%
Was the capital of the Philippines at some point under Spanish or US rule Bacolor | Cebu | Manila | Quezon City
81%
Is one of the 9 cities in Tibet and has more than 50 000 people Lhasa | Shigatse
81%
Is the largest city on on each of the 3 largest Japanese islands (Excluding the largest, Honshu) Fukuoka | Matsuyama | Sapporo
80%
Is one of the 5 biggest cities in the US state of Virginia Arlington | Chesapeake | Norfolk | Richmond | Virginia Beach
79%
Is the capital of a subdivision or territory of a non-African country located in Africa Ceuta | Funchal | Hadibu | Jamestown | Las Palmas de Gran Canaria | Mamoudzou | Melilla | Saint-Denis | Santa Cruz de Tenerife
73%
Is the second-largest city in a Central Asian country Khujand | Osh | Namangan | Nur-Sultan | Türkmenabat
73%
Is one of the 3 largest cities on the coasts of the Red sea Jeddah | Jizan | Port Sudan
71%
Is a city in the Iberian peninsula or a city that currently belongs to Spain, and was at some point part of the UK. Also, it has more than 20 000 people Ciutadella de Menorca/Ciudadela de Menorca | Gibraltar | Maó/Mahón
66%
Was the birthplace of one of the German chancellors after reunification Blomberg | Hamburg | Ludwigshafen am Rhein
60%
Has hosted the African Games at least twice Algiers | Brazzaville
53%
Was the birthplace of one of the 2 painters considered to be the founders of 'Cubism' Argenteuil | Málaga
33%
Is one of the 5 biggest cities located along the Ural river Atyrau | Novotritsk | Orenburg | Orsk | Uralsk
21%
Is not a country capital and has hosted the Pacific Games Nouméa | Papeete | Santa Rita-Sumai | Tumon
13%
No matching quizzes found
Score Distribution
Percent of People with Each Score
Percentile by Number Answered
Your Score History
You have not taken this quiz